000 00739nam a22002417a 4500
003 OSt
005 20260311063517.0
008 260311b |||||||| |||| 00| 0 eng d
020 _a007-124446-8.
040 _aDWCL Main lib
_cOC
082 _23rd ed.
_aGR 658 G778p 2006
100 _aGray, Clifford F.
245 _aProject management :
_bthe managerial process
_cClifford F. Gray
250 _a3rd ed.
260 _aN. Y. :
_bMcGraw-Hill Education Asia,
_cc2006.
300 _axviii, 574 p. :
_bill. ;
_c25 cm. + 1
_eCD-ROM.
504 _aIncludes Index.
650 _a1. Project management.
650 _a2. Risk management.
650 _a3. Time management.
700 _aErik W. Larson
942 _2ddc
_cGR
_e3rd ed.
_kGR.
_n0
999 _c8950
_d8950